Anatomy of an Illness (Record no. 80604)

MARC details
000 -LEADER
fixed length control field 00441nam a22001697a 4500
005 - DATE AND TIME OF LATEST TRANSACTION
control field 20131129124809.0
010 ## - LCCN (DPL NO)
LC control number G-2356
020 ## - INTERNATIONAL STANDARD BOOK NUMBER
International Standard Book Number 0553343653
Terms of availability 650.00
035 ## - SYSTEM CONTROL NUMBER
System control number G-2356
037 ## - SOURCE OF ACQUISITION
Stock number GIFT
100 ## - MAIN ENTRY--PERSONAL NAME
Personal name Cousins,Norman
245 ## - TITLE STATEMENT
Title Anatomy of an Illness
Remainder of title as Perceived by the Patient/
Statement of responsibility, etc by Anaorman Cousins
260 ## - PUBLICATION, DISTRIBUTION, ETC. (IMPRINT)
Place of publication, distribution, etc New York
Name of publisher, distributor, etc Bantam
Date of publication, distribution, etc 1981
300 ## - PHYSICAL DESCRIPTION
Extent 173p
Dimensions 20cm.(pbk)
942 ## - ADDED ENTRY ELEMENTS (KOHA)
Source of classification or shelving scheme Dewey Decimal Classification
Item type English Books
Call number suffix COU
Holdings
Withdrawn status Lost status Not for loan Collection code Home library Current library Date acquired Cost, normal purchase price Full call number Barcode Copy number Cost, replacement price Koha item type
      Non-fiction Peshwa Road Peshwa Road 13/11/2013 650.00 COU G-2356 1 650.00 English Books

© Delhi Public Library
Hit Counter
free hit counter